| 000 | 00543nam a2200181 a 4500 | ||
|---|---|---|---|
| 005 | 20240911064835.0 | ||
| 008 | 991125s1975 mos 000 0 spa u | ||
| 035 | _aUPN01000035783 | ||
| 049 | _aCG | ||
| 050 | 4 |
_aHX312 _bB7.48 |
|
| 100 | 1 |
_aBrezhnev, Leonid Il'ich, _d1906- |
|
| 245 | 1 | 3 |
_aLa lucha del PCUS por la unidad de todas las fuerzas revolucionarias y pacĂficas / _cLeonid Ilich. |
| 260 |
_aMoscĂș : _bProgreso, _c1975. |
||
| 300 | _a319 p. | ||
| 650 | 4 | _aPARTIDOS COMUNISTAS | |
| 650 | 4 |
_aComunismo _zRusia _910282 |
|
| 905 | _aLibro | ||
| 999 |
_c35783 _d35783 |
||